000 00575nam a2200193Ia 4500
005 20250923145357.0
008 008 250917s9999 xx 000 0 eng d
037 _aTextual
040 _aDSWL
_beng
_cDSWL
041 _aeng
_2eng
084 _aY3:7:7p1,N52, N75
_qDSWL
245 0 _a1974 report on the world social situations
_cby United Nations
260 _aNew York
_b United Nations Publications
_c1975
300 _avi,279 p.
365 _aINR
_b93 . 6
925 _g93 . 6
942 _cTEXL
_hY3:7:7p1,N52, N75
999 _c1450631
_d1450631